| 000 | 00382nam a2200181Ia 4500 | ||
|---|---|---|---|
| 100 | _aSommerville/Ian | ||
| 650 | _aSoftware Engineering | ||
| 250 | _a8 | ||
| 942 | _cBK | ||
| 366 | _f25 | ||
| 654 | _asoftware | ||
| 245 | _aSoftware Engineering | ||
| 260 |
_bPearson Education _c1989 |
||
| 082 |
_a5.1 _bSOM |
||
| 300 | _a864 | ||
| 546 |
_aENGLISH _cPAMPHALETS |
||
| 999 |
_c30551 _d30551 |
||